JR駅が10駅以上所在する市区町村 - Statistics

General Stats
  • This quiz has been taken 166 times
    150 since last reset
  • The average score is 38 of 77
Answer Stats
地方 都道府県 市区町村 駅名 % Correct
北海道 北海道 旭川市 16
88%
東北 青森県 青森市 12
82%
東北 秋田県 秋田市 12
80%
東北 福島県 郡山市 11
77%
東北 青森県 八戸市 11
74%
東北 福島県 いわき市 14
70%
四国 高知県 高知市 10
67%
東北 山形県 山形市 11
66%
四国 愛媛県 松山市 11
66%
四国 香川県 高松市 12
65%
四国 徳島県 徳島市 10
64%
九州 鹿児島県 鹿児島市 20
64%
東北 岩手県 一関市 17
63%
中国 山口県 下関市 21
61%
中国 山口県 山口市 28
61%
九州 大分県 大分市 17
61%
九州 宮崎県 宮崎市 21
61%
東北 宮城県 石巻市 13
60%
東北 秋田県 大仙市 10
59%
中部 富山県 富山市 10
58%
中国 広島県 福山市 16
58%
中国 鳥取県 鳥取市 13
57%
中部 新潟県 長岡市 14
56%
中国 山口県 岩国市 14
56%
東北 宮城県 大崎市 17
55%
東北 山形県 鶴岡市 10
54%
近畿 兵庫県 姫路市 16
53%
中国 山口県 宇部市 15
53%
東北 宮城県 仙台市青葉区 14
52%
中国 鳥取県 米子市 13
52%
中国 岡山県 津山市 14
52%
中国 岡山県 新見市 14
52%
中国 山口県 山陽小野田市 11
52%
北海道 北海道 北見市 10
51%
東北 岩手県 宮古市 11
51%
近畿 滋賀県 大津市 16
51%
東北 秋田県 大館市 10
50%
中国 山口県 長門市 10
50%
九州 宮崎県 都城市 11
50%
近畿 和歌山県 和歌山市 12
48%
中国 広島県 呉市 13
48%
中国 広島県 三次市 13
48%
東北 宮城県 仙台市宮城野区 10
47%
中国 広島県 東広島市 10
47%
中部 新潟県 村上市 11
46%
中部 長野県 飯田市 15
46%
近畿 三重県 津市 16
46%
九州 鹿児島県 霧島市 11
46%
中部 福井県 福井市 13
45%
中部 富山県 高岡市 10
43%
中国 広島県 庄原市 15
43%
中部 新潟県 柏崎市 15
42%
九州 佐賀県 唐津市 15
42%
九州 鹿児島県 指宿市 11
41%
東北 岩手県 遠野市 12
40%
四国 愛媛県 大洲市 12
39%
九州 長崎県 諫早市 12
39%
九州 宮崎県 日南市 10
39%
中部 新潟県 魚沼市 10
37%
四国 徳島県 三好市 10
37%
中国 岡山県 岡山市北区 18
36%
四国 愛媛県 伊予市 10
36%
九州 福岡県 飯塚市 11
35%
中部 静岡県 浜松市天竜区 13
34%
東北 青森県 西津軽郡深浦町 18
33%
東北 岩手県 八幡平市 12
33%
中部 愛知県 新城市 15
33%
中国 広島県 広島市安佐北区 15
32%
中部 福井県 大野市 10
30%
四国 高知県 高岡郡四万十町 10
30%
九州 福岡県 福岡市東区 13
30%
関東 東京都 北区 10
29%
中国 島根県 大田市 10
27%
九州 福岡県 糸島市 10
27%
中部 長野県 佐久市 10
24%
中部 長野県 安曇野市 11
23%
関東 東京都 青梅市 10
18%
No matching quizzes found
Score Distribution
Percent of People with Each Score
Percentile by Number Answered
Your Score History
You have not taken this quiz since the last reset